000 00545nam a2200205Ia 4500
003 GCL
008 140319s9999 xx 000 0 eng d
040 _aGCL /
_cGCL
082 0 4 _a720.92
_bB B
100 1 _aAL - BAYATI, BASIL
245 1 0 _aBASIL AL - BAYAT: RECENT WORKS /
_cAL - BAYATI, BASIL
260 _a[S.N] :
_bACADEMY EDITIONS ،
_c1993
300 _a132 P
650 0 4 _aARTS
650 0 4 _aBIOGRAPHIES
650 0 4 _aBASIL AL - BAYATI
650 0 4 _aARCHITECTURE, IRAQ
650 0 4 _aARCHITECTURE - BIOGRAPHIES
942 _2ddc
_cBK
999 _c15753
_d15753